[Event "Mittelfranken-ch HT 57th"]
[Site "Bechhofen"]
[Date "2008.03.20"]
[Round "7.16"]
[White "Gulden, Tobias"]
[Black "Witt, Alfred"]
[Result "1-0"]
[WhiteElo "1795"]
[BlackElo "1896"]
[PlyCount "99"]
[EventDate "2008.03.18"]
[EventType "swiss"]
[EventRounds "9"]
[EventCountry "GER"]
[SourceTitle "EXT 2011"]
[Source "ChessBase"]
[SourceDate "2010.11.26"]
[SourceVersion "1"]
[SourceVersionDate "2010.11.26"]
[SourceQuality "1"]

1. e4 e5 2. Nf3 Nc6 3. Bb5 a6 4. Ba4 f5 5. exf5 e4 6. Bxc6 dxc6 7. Ne5 Nf6 8. f4 exf3 9. Nxf3 Qe7+ 10. Qe2 Qxe2+ 11. Kxe2 Bxf5 12. d3 0-0-0 13. Re1 Bb4 14. Nc3 Rhe8+ 15. Be3 c5 16. a3 Ba5 17. Nh4 Bd7 18. Kf1 Nd5 19. Nxd5 Bxe1 20. Rxe1 Re5 21. Nc3 Bc6 22. Bf2 Rh5 23. Bg3 Rf8+ 24. Kg1 g5 25. Nf3 g4 26. Ne5 Bd7 27. Ne4 b6 28. Rf1 Rhf5 29. Rxf5 Bxf5 30. Nc3 h5 31. Nd5 Re8 32. Kf2 h4 33. Bf4 Be6 34. Nf6 Rf8 35. Bg5 h3 36. g3 b5 37. Ke3 Kb7 38. Bh4 a5 39. Nexg4 Bxg4 40. Nxg4 Rf1 41. Nf2 a4 42. Nxh3 Rh1 43. Nf2 Rc1 44. Kd2 Rb1 45. Nd1 b4 46. axb4 cxb4 47. Be7 Rxb2 48. Nxb2 a3 49. Nc4 Kc6 50. Nxa3 1-0

[Event "Mittelfranken-ch HT 57th"]
[Site "Bechhofen"]
[Date "2008.03.20"]
[Round "5.15"]
[White "Hoffmann, Ayar"]
[Black "Gulden, Tobias"]
[Result "1/2-1/2"]
[WhiteElo "1857"]
[BlackElo "1795"]
[PlyCount "85"]
[EventDate "2008.03.18"]
[EventType "swiss"]
[EventRounds "9"]
[EventCountry "GER"]
[SourceTitle "EXT 2011"]
[Source "ChessBase"]
[SourceDate "2010.11.26"]
[SourceVersion "1"]
[SourceVersionDate "2010.11.26"]
[SourceQuality "1"]

1. e4 c5 2. Nf3 d6 3. d4 cxd4 4. Nxd4 e6 5. Bd3 Be7 6. 0-0 Nf6 7. c4 0-0 8. Nc3 a6 9. Be3 Qc7 10. Rc1 Nbd7 11. Qe2 Ne5 12. f3 Bd7 13. b3 Nxd3 14. Qxd3 Rac8 15. Rfd1 Rfd8 16. Qe2 Qb8 17. Qf2 b5 18. cxb5 axb5 19. Nde2 Rc6 20. Nb1 Rdc8 21. Rxc6 Rxc6 22. Rc1 Rxc1+ 23. Bxc1 Qc7 24. Ba3 Qa5 25. b4 Qc7 26. Nec3 d5 27. Qb2 Qb6+ 28. Qf2 Qc6 29. e5 Ne8 30. Qd2 Nc7 31. Ne2 Na6 32. Nd4 Qc4 33. Nc2 Qxa2 34. Nc3 Qb3 35. Ne2 Qc4 36. Ned4 Bd8 37. Bb2 Bb6 38. g3 Kf8 39. Kg2 Nb8 40. Bc3 Kg8 41. Na3 Qc8 42. Naxb5 Bxd4 43. Nxd4 1/2-1/2

[Event "Mittelfranken-ch HT 57th"]
[Site "Bechhofen"]
[Date "2008.03.18"]
[Round "2.16"]
[White "Gulden, Tobias"]
[Black "Ahlich, Thomas"]
[Result "0-1"]
[WhiteElo "1795"]
[BlackElo "1914"]
[PlyCount "78"]
[EventDate "2008.03.18"]
[EventType "swiss"]
[EventRounds "9"]
[EventCountry "GER"]
[SourceTitle "EXT 2011"]
[Source "ChessBase"]
[SourceDate "2010.11.26"]
[SourceVersion "1"]
[SourceVersionDate "2010.11.26"]
[SourceQuality "1"]

1. e4 e5 2. Nf3 Nc6 3. Bb5 a6 4. Ba4 Nf6 5. 0-0 b5 6. Bb3 Be7 7. Re1 0-0 8. c3 d5 9. exd5 e4 10. Ng5 Bg4 11. f3 exf3 12. Nxf3 Nxd5 13. d4 Re8 14. Nbd2 Na5 15. Re4 Nxb3 16. axb3 Nf6 17. Re3 c5 18. Ne4 cxd4 19. Qxd4 Nxe4 20. Rxe4 Bxf3 21. Qxd8 Raxd8 22. gxf3 Bc5+ 23. Kg2 Rxe4 24. fxe4 Rd1 25. Kf3 h6 26. b4 Be7 27. Rxa6 Rxc1 28. Ra8+ Kh7 29. Rb8 Rc2 30. Rxb5 Rxb2 31. Rb7 Bf6 32. c4 Kg6 33. c5 Kg5 34. c6 Rb3+ 35. Ke2 Kf4 36. c7 Rc3 37. b5 Kxe4 38. b6 Be5 39. Kd2 Rc6 0-1

[Event "Mittelfranken-ch HT 57th"]
[Site "Bechhofen"]
[Date "2008.03.18"]
[Round "1.15"]
[White "Leopold, Christian"]
[Black "Gulden, Tobias"]
[Result "1-0"]
[WhiteElo "1967"]
[BlackElo "1795"]
[PlyCount "87"]
[EventDate "2008.03.18"]
[EventType "swiss"]
[EventRounds "9"]
[EventCountry "GER"]
[SourceTitle "EXT 2011"]
[Source "ChessBase"]
[SourceDate "2010.11.26"]
[SourceVersion "1"]
[SourceVersionDate "2010.11.26"]
[SourceQuality "1"]

1. e4 c5 2. Nc3 d6 3. g3 e6 4. Bg2 Nc6 5. d3 a6 6. f4 Nf6 7. Nf3 Be7 8. 0-0 0-0 9. h3 Qc7 10. Ne2 b5 11. c3 Bb7 12. g4 h6 13. Ng3 c4 14. d4 Na5 15. Qe2 e5 16. fxe5 dxe5 17. Nxe5 Bd6 18. Bxh6 Bxe5 19. dxe5 Qxe5 20. Bf4 Qe6 21. Rad1 Rfe8 22. Rfe1 Rad8 23. Rxd8 Rxd8 24. Bc7 Rd3 25. Nf5 Nc6 26. Bf4 g6 27. Ng3 Ne5 28. g5 Nfd7 29. Be3 Nc5 30. Qf2 Ncd7 31. Rf1 Rd6 32. Qc2 Nd3 33. Bd4 N7c5 34. Qe2 Rd8 35. Rf6 Qe7 36. h4 Re8 37. h5 Bxe4 38. Nxe4 Nxe4 39. Bxe4 Qxe4 40. Qxe4 Rxe4 41. hxg6 Rg4+ 42. Kf1 Rxg5 43. gxf7+ Kf8 44. Be3 1-0

[Event "Mittelfranken-ch HT 56th"]
[Site "Postbauer"]
[Date "2007.04.07"]
[Round "9.14"]
[White "Gulden, Tobias"]
[Black "Puehn, Georg"]
[Result "0-1"]
[WhiteElo "1777"]
[BlackElo "1867"]
[PlyCount "48"]
[EventDate "2007.04.03"]
[EventType "swiss"]
[EventRounds "9"]
[EventCountry "GER"]
[SourceTitle "EXT 2011"]
[Source "ChessBase"]
[SourceDate "2010.11.26"]
[SourceVersion "1"]
[SourceVersionDate "2010.11.26"]
[SourceQuality "1"]

1. e4 e5 2. f4 exf4 3. Nf3 d5 4. exd5 Nf6 5. c4 Bg4 6. Be2 c6 7. dxc6 Nxc6 8. 0-0 Bc5+ 9. Kh1 0-0 10. d3 Be3 11. Na3 Bxf3 12. Bxf3 Ne5 13. Be2 Qd7 14. Nc2 Neg4 15. Nxe3 fxe3 16. Rxf6 Nxf6 17. Bxe3 Rfe8 18. Bg1 b6 19. d4 Rac8 20. b3 Ne4 21. Bf1 f5 22. Qd3 Qd6 23. a3 Re6 24. Re1 Ng3+ 0-1

[Event "Mittelfranken-ch HT 56th"]
[Site "Postbauer"]
[Date "2007.04.05"]
[Round "6.11"]
[White "Woerl, Richard"]
[Black "Gulden, Tobias"]
[Result "1/2-1/2"]
[WhiteElo "1907"]
[BlackElo "1777"]
[PlyCount "64"]
[EventDate "2007.04.03"]
[EventType "swiss"]
[EventRounds "9"]
[EventCountry "GER"]
[SourceTitle "EXT 2011"]
[Source "ChessBase"]
[SourceDate "2010.11.26"]
[SourceVersion "1"]
[SourceVersionDate "2010.11.26"]
[SourceQuality "1"]

1. e4 c5 2. c3 Nf6 3. e5 Nd5 4. Bc4 Nb6 5. Bb3 d6 6. Nf3 g6 7. Qe2 e6 8. d4 cxd4 9. cxd4 Bg7 10. Nc3 0-0 11. Bg5 Qd7 12. Ne4 dxe5 13. Nf6+ Bxf6 14. Bxf6 exd4 15. Rd1 e5 16. Nxe5 Qf5 17. Be7 Re8 18. Nxf7 Qxf7 19. Rxd4 Nc6 20. Bxf7+ Kxf7 21. Rf4+ Kg8 22. Re4 Bf5 23. Re5 Nxe5 24. Qxe5 Nd7 25. Qd5+ Kg7 26. Qd4+ Kf7 27. 0-0 Rxe7 28. g4 Be4 29. Re1 Bc6 30. Rxe7+ Kxe7 31. Qg7+ Kd6 32. Qxh7 Be4 1/2-1/2

[Event "Mittelfranken-ch QT 49th"]
[Site "Ansbach"]
[Date "2000.??.??"]
[Round "6"]
[White "Gulden, Tobias"]
[Black "Gillitzer, Gerhard"]
[Result "1/2-1/2"]
[WhiteElo "1145"]
[BlackElo "1581"]
[PlyCount "78"]
[EventDate "2000.04.19"]
[EventType "swiss"]
[EventRounds "7"]
[EventCountry "GER"]
[SourceTitle "EXT 2015"]
[Source "ChessBase"]
[SourceDate "2014.11.20"]
[SourceVersion "1"]
[SourceVersionDate "2014.11.20"]
[SourceQuality "1"]

1. e4 e5 2. Nf3 Nf6 3. Nxe5 d6 4. Nf3 Nxe4 5. Qe2 Qe7 6. d3 Nf6 7. Bg5 Qxe2+ 8. Bxe2 Be7 9. Nc3 Nc6 10. 0-0 0-0 11. d4 Nb4 12. Rac1 c6 13. a3 Nbd5 14. Nxd5 Nxd5 15. Bxe7 Nxe7 16. Bd3 h6 17. Rfe1 Be6 18. c4 d5 19. Ne5 Rfe8 20. b3 Rad8 21. c5 Nf5 22. Bxf5 Bxf5 23. Re3 f6 24. Nf3 Rxe3 25. fxe3 Re8 26. Kf2 g5 27. g3 Kf7 28. a4 a5 29. Rc3 Rb8 30. Rc1 Ke7 31. h4 g4 32. Nh2 h5 33. Nf1 Bd7 34. Rb1 b5 35. Nd2 Bf5 36. Ra1 b4 37. Re1 Re8 38. e4 dxe4 39. Nxe4 Bxe4 1/2-1/2

[Event "Mittelfranken-ch QT 49th"]
[Site "Ansbach"]
[Date "2000.??.??"]
[Round "5"]
[White "Gulden, Tobias"]
[Black "Muskat, Gunter"]
[Result "1/2-1/2"]
[WhiteElo "1145"]
[BlackElo "1580"]
[PlyCount "60"]
[EventDate "2000.04.19"]
[EventType "swiss"]
[EventRounds "7"]
[EventCountry "GER"]
[SourceTitle "EXT 2015"]
[Source "ChessBase"]
[SourceDate "2014.11.20"]
[SourceVersion "1"]
[SourceVersionDate "2014.11.20"]
[SourceQuality "1"]

1. e4 c5 2. Nf3 a6 3. c3 Nf6 4. Qc2 Nc6 5. d4 cxd4 6. cxd4 e6 7. Bd3 Nb4 8. Qe2 Nxd3+ 9. Qxd3 b5 10. a4 b4 11. Be3 Bb7 12. Nbd2 Rc8 13. 0-0 Be7 14. Rfc1 Rxc1+ 15. Rxc1 Qa8 16. e5 Nd5 17. b3 Nc3 18. Ne1 0-0 19. Ndf3 Be4 20. Qd2 h6 21. Kh1 a5 22. Ng1 Qa6 23. f3 Bg6 24. Qf2 Nd5 25. Bd2 d6 26. Qe2 Qb7 27. Nd3 Bxd3 28. Qxd3 dxe5 29. dxe5 Rd8 30. Qe4 Rc8 1/2-1/2